[Event "SK Dülmen 1 - SG Ahaus-Wessum 1"]
[Site "Regionalliga 2021/2022"]
[Date "2021.11.13"]
[Round "3.1"]
[White "Schulze Ameling, Hendrik"]
[Black "Eiersbrock, Robin"]
[Result "0-1"]
[WhiteElo "2012"]
[BlackElo "2017"]
[PlyCount "62"]
[EventDate "2021.??.??"]
[SourceTitle "Verband Muensterland"]
[SourceDate "2021.10.03"]
[SourceVersion "1"]
[SourceVersionDate "2021.10.03"]
[SourceQuality "1"]
[WhiteTeam "SG Ahaus-Wessum 1"]
[BlackTeam "SK Dülmen 1"]

1. d4 Nf6 2. c4 g6 3. Nc3 Bg7 4. e4 d6 5. h3 O-O 6. Nf3 e5 7. d5 Nh5 8. Be2 Nd7
9. Bg5 f6 10. Be3 Nf4 11. Rg1 Nc5 12. b4 Nxe2 13. Qxe2 Nxe4 14. Nxe4 f5 15.
Nxd6 cxd6 16. Bg5 Qb6 17. Rb1 Re8 18. Be3 Qd8 19. Bg5 Qc7 20. g4 f4 21. Bh4 e4
22. Nh2 f3 23. Qc2 Bd7 24. Nf1 Ba4 25. Qc1 Rac8 26. Ne3 Bb5 27. c5 dxc5 28. Bg3
Qb6 29. Nc4 Bxc4 30. Qxc4 cxb4 31. Qb3 Bc3+ 0-1

[Event "SK Dülmen 1 - SG Ahaus-Wessum 1"]
[Site "Regionalliga 2021/2022"]
[Date "2021.11.13"]
[Round "3.2"]
[White "Grund, Wolfgang"]
[Black "Rosing, Hermann"]
[Result "1/2-1/2"]
[WhiteElo "1913"]
[BlackElo "1988"]
[PlyCount "63"]
[EventDate "2021.??.??"]
[SourceTitle "Verband Muensterland"]
[SourceDate "2021.10.03"]
[SourceVersion "1"]
[SourceVersionDate "2021.10.03"]
[SourceQuality "1"]
[WhiteTeam "SK Dülmen 1"]
[BlackTeam "SG Ahaus-Wessum 1"]

1. e4 b6 2. d4 Bb7 3. Nc3 e6 4. Bd3 Nf6 5. Nf3 Bb4 6. Qe2 d5 7. e5 Ne4 8. Bd2
Nxd2 9. Qxd2 c5 10. O-O Nc6 11. Qf4 h6 12. a3 Bxc3 13. bxc3 O-O 14. h3 f6 15.
exf6 Qxf6 16. Qg4 c4 17. Bg6 Bc8 18. Qh5 Bd7 19. Rae1 Be8 20. Bxe8 Raxe8 21.
Ne5 Nxe5 22. Rxe5 Qf7 23. Qe2 Qd7 24. Re1 Rf6 25. Qh5 Ref8 26. f3 Rf5 27. Qg4
Rxe5 28. Rxe5 Rf5 29. Re2 Qd6 30. Qg6 Rf6 31. Qe8+ Kh7 32. Qa4 1/2-1/2

[Event "SK Dülmen 1 - SG Ahaus-Wessum 1"]
[Site "Regionalliga 2021/2022"]
[Date "2021.11.13"]
[Round "3.3"]
[White "Ter Horst, Carsten"]
[Black "Loedding, Detlef"]
[Result "1/2-1/2"]
[WhiteElo "1880"]
[BlackElo "1893"]
[PlyCount "48"]
[EventDate "2021.??.??"]
[SourceTitle "Verband Muensterland"]
[SourceDate "2021.10.03"]
[SourceVersion "1"]
[SourceVersionDate "2021.10.03"]
[SourceQuality "1"]
[WhiteTeam "SG Ahaus-Wessum 1"]
[BlackTeam "SK Dülmen 1"]

1. d4 Nf6 2. Nf3 e6 3. g3 c5 4. Bg2 cxd4 5. O-O d5 6. Nxd4 e5 7. Nb3 Nc6 8. Nc3
d4 9. Nb1 Bg4 10. c3 dxc3 11. Nxc3 Be7 12. h3 Be6 13. Be3 O-O 14. Nc5 Qc8 15.
Kh2 Rd8 16. Qa4 Nd5 17. Nxe6 Nxe3 18. Nxd8 Nxf1+ 19. Rxf1 Bxd8 20. Rd1 g6 21.
Ne4 Be7 22. e3 Kg7 23. Nd6 Bxd6 24. Rxd6 Qf5 1/2-1/2

[Event "SK Dülmen 1 - SG Ahaus-Wessum 1"]
[Site "Regionalliga 2021/2022"]
[Date "2021.11.13"]
[Round "3.4"]
[White "Rebber, Christian"]
[Black "Gulik, Michal"]
[Result "1-0"]
[WhiteElo "1835"]
[BlackElo "1732"]
[PlyCount "95"]
[EventDate "2021.??.??"]
[SourceTitle "Verband Muensterland"]
[SourceDate "2021.10.03"]
[SourceVersion "1"]
[SourceVersionDate "2021.10.03"]
[SourceQuality "1"]
[WhiteTeam "SK Dülmen 1"]
[BlackTeam "SG Ahaus-Wessum 1"]

1. e4 c5 2. Nc3 Nc6 3. f4 d6 4. Nf3 Nf6 5. Bb5 g6 6. O-O Bg7 7. Bxc6+ bxc6 8.
e5 Nd5 9. exd6 Qxd6 10. Ne4 Qc7 11. d3 O-O 12. Kh1 Rb8 13. Nxc5 Nxf4 14. Ng5 e5
15. Qe1 h6 16. Nge4 f5 17. Nc3 Kh7 18. Qf2 Ne6 19. N3a4 Nxc5 20. Nxc5 Qe7 21.
Nb3 Be6 22. Be3 Rf7 23. Bc5 Qc7 24. Qd2 Bf8 25. Qc3 Bd5 26. Rae1 e4 27. Bd4 Bd6
28. h3 Bg3 29. dxe4 Bxe1 30. Rxe1 fxe4 31. Be5 Qc8 32. Bxb8 Qxb8 33. Kg1 Qf4
34. Qe3 Qf6 35. Qd4 Qf5 36. c4 Bxc4 37. Qxc4 Qf2+ 38. Kh2 Qxe1 39. Qxf7+ Kh8
40. Nd4 Qb4 41. Qe8+ Kh7 42. Qd7+ Kg8 43. Qe6+ Kh7 44. Qxe4 Qd6+ 45. Kh1 c5 46.
Nf3 Qd1+ 47. Kh2 Qd6+ 48. Qe5 1-0

[Event "SK Dülmen 1 - SG Ahaus-Wessum 1"]
[Site "Regionalliga 2021/2022"]
[Date "2021.11.13"]
[Round "3.5"]
[White "Terdues, Guido"]
[Black "Eiersbrock, Marko"]
[Result "0-1"]
[WhiteElo "1741"]
[BlackElo "1821"]
[PlyCount "84"]
[EventDate "2021.??.??"]
[SourceTitle "Verband Muensterland"]
[SourceDate "2021.10.03"]
[SourceVersion "1"]
[SourceVersionDate "2021.10.03"]
[SourceQuality "1"]
[WhiteTeam "SG Ahaus-Wessum 1"]
[BlackTeam "SK Dülmen 1"]

1. f4 d5 2. Nf3 c5 3. e3 Nc6 4. b3 Nf6 5. Bb2 Bf5 6. Be2 e6 7. O-O Be7 8. d3
O-O 9. Qe1 a5 10. a4 Nb4 11. Na3 Rc8 12. Ne5 Nd7 13. Nxd7 Qxd7 14. Bf3 c4 15.
bxc4 dxc4 16. Nxc4 Nxc2 17. Qg3 Bg6 18. Be2 Rxc4 19. dxc4 Nxa1 20. Bxa1 Qxa4
21. e4 f5 22. h4 Bf6 23. e5 Be7 24. Bd4 Qb4 25. h5 Be8 26. Qe3 Bc6 27. Bd3 a4
28. Rb1 Qa5 29. Bb6 Qa8 30. Ra1 Qe8 31. Be2 Qf7 32. Bf3 Bxf3 33. Qxf3 Ra8 34.
Kf1 Bf8 35. c5 Qd7 36. Rb1 a3 37. Qb3 Kf7 38. Ke2 Qc6 39. Qf3 Qxf3+ 40. Kxf3 a2
41. Ra1 Ra3+ 42. Kf2 Ke8 0-1

[Event "SK Dülmen 1 - SG Ahaus-Wessum 1"]
[Site "Regionalliga 2021/2022"]
[Date "2021.11.13"]
[Round "3.6"]
[White "Gehlen, Horst"]
[Black "Mast, Holger"]
[Result "0-1"]
[WhiteElo "1737"]
[BlackElo "1752"]
[PlyCount "126"]
[EventDate "2021.??.??"]
[SourceTitle "Verband Muensterland"]
[SourceDate "2021.10.03"]
[SourceVersion "1"]
[SourceVersionDate "2021.10.03"]
[SourceQuality "1"]
[WhiteTeam "SK Dülmen 1"]
[BlackTeam "SG Ahaus-Wessum 1"]

1. e4 c5 2. Nc3 Nc6 3. f4 e6 4. Nf3 g6 5. Bb5 Nge7 6. O-O a6 7. Bxc6 Nxc6 8. d3
Bg7 9. f5 d6 10. Qe2 Qe7 11. fxe6 Bxe6 12. Bg5 f6 13. Be3 O-O 14. d4 cxd4 15.
Nxd4 Nxd4 16. Bxd4 Rac8 17. Qd2 b5 18. Nd5 Bxd5 19. exd5 Qe4 20. Bc3 b4 21. Qd4
Qxd4+ 22. Bxd4 Rxc2 23. Rac1 Rd2 24. Rfd1 Rxd1+ 25. Rxd1 Rc8 26. Kf2 Rc2+ 27.
Kf3 f5 28. a3 Bxd4 29. Rxd4 bxa3 30. bxa3 Rc3+ 31. Kf4 Rxa3 32. Rc4 Ra5 33. Rc6
Rxd5 34. Rxa6 Kg7 35. Ra7+ Kh6 36. Rd7 g5+ 37. Kf3 Kg6 38. Rd8 h6 39. Rg8+ Kf7
40. Rh8 Kg7 41. Re8 Re5 42. Rd8 Re6 43. Rd7+ Kf6 44. Rh7 Ke5 45. Ra7 g4+ 46.
Kf2 d5 47. Rd7 Ke4 48. Ke2 f4 49. Rd8 h5 50. Rh8 Re5 51. Rd8 d4 52. Rd6 f3+ 53.
gxf3+ gxf3+ 54. Kf2 Rf5 55. Rd7 Kd3 56. Rd8 Kc3 57. Rc8+ Kd2 58. Rc7 d3 59. Rc6
Kd1 60. Rc7 Re5 61. Kxf3 Re2 62. h3 Rc2 63. Re7 d2 0-1

[Event "SK Dülmen 1 - SG Ahaus-Wessum 1"]
[Site "Regionalliga 2021/2022"]
[Date "2021.11.13"]
[Round "3.7"]
[White "Kratz, Alexander"]
[Black "Stegemann, Norbert"]
[Result "0-1"]
[WhiteElo "1784"]
[BlackElo "1852"]
[PlyCount "38"]
[EventDate "2021.??.??"]
[SourceTitle "Verband Muensterland"]
[SourceDate "2021.10.03"]
[SourceVersion "1"]
[SourceVersionDate "2021.10.03"]
[SourceQuality "1"]
[WhiteTeam "SG Ahaus-Wessum 1"]
[BlackTeam "SK Dülmen 1"]

1. d4 d5 2. e4 c6 3. c4 dxe4 4. Nc3 Nf6 5. Bg5 Bf5 6. f3 Nbd7 7. g4 Bg6 8. Bxf6
Nxf6 9. g5 Nd7 10. Nxe4 e5 11. Qe2 Bb4+ 12. Nd2 O-O 13. a3 Bxd2+ 14. Qxd2 exd4
15. O-O-O Nc5 16. Qb4 Qxg5+ 17. Rd2 a5 18. Qb6 Ra6 19. f4 Qf5 0-1

[Event "SK Dülmen 1 - SG Ahaus-Wessum 1"]
[Site "Regionalliga 2021/2022"]
[Date "2021.11.13"]
[Round "3.8"]
[White "Sindermann, Erwin"]
[Black "Wensing, Jonathan"]
[Result "1/2-1/2"]
[WhiteElo "1679"]
[BlackElo "1614"]
[PlyCount "120"]
[EventDate "2021.??.??"]
[SourceTitle "Verband Muensterland"]
[SourceDate "2021.10.03"]
[SourceVersion "1"]
[SourceVersionDate "2021.10.03"]
[SourceQuality "1"]
[WhiteTeam "SK Dülmen 1"]
[BlackTeam "SG Ahaus-Wessum 1"]

1. e4 d6 2. d4 Nf6 3. Nc3 g6 4. h3 Bg7 5. Nf3 c6 6. Be3 O-O 7. Qd2 b5 8. a3 a6
9. Be2 Bb7 10. O-O Nbd7 11. Rad1 c5 12. e5 cxd4 13. Bxd4 dxe5 14. Nxe5 Nxe5 15.
Bxe5 Ne4 16. Qe3 Nd6 17. Bxg7 Kxg7 18. Rd4 Qc7 19. Qd2 Bc6 20. Rd1 Nf5 21. Rd3
e5 22. Bf3 Nd4 23. Bxc6 Qxc6 24. Re1 Rfe8 25. f4 Qc5 26. Qf2 Rad8 27. fxe5 Rxe5
28. Ne4 Qd5 29. c3 Rxe4 30. Rxe4 Ne2+ 31. Qxe2 Qxd3 32. Qxd3 Rxd3 33. Kf2 Rd2+
34. Re2 Rxe2+ 35. Kxe2 Kf6 36. Ke3 Ke5 37. b3 f5 38. g3 g5 39. Kf3 h5 40. Ke3
a5 41. Kf3 Kd5 42. h4 gxh4 43. gxh4 a4 44. bxa4 bxa4 45. Kf4 Kc4 46. Kxf5 Kxc3
47. Ke4 Kb3 48. Kd3 Kxa3 49. Kc3 Ka2 50. Kc2 a3 51. Kc1 Kb3 52. Kb1 Kc3 53. Ka2
Kd4 54. Kxa3 Ke4 55. Kb3 Kf4 56. Kc3 Kg4 57. Kd3 Kxh4 58. Ke2 Kg3 59. Kf1 Kh2
60. Kf2 h4 1/2-1/2

[Event "SK Münster 4 - SK Bocholt 1"]
[Site "Regionalliga 2021/2022"]
[Date "2021.11.13"]
[Round "3.1"]
[White "Fuest, Martin"]
[Black "Jansen, Dirk Norbert"]
[Result "1/2-1/2"]
[WhiteElo "2150"]
[BlackElo "1990"]
[PlyCount "34"]
[EventDate "2021.??.??"]
[SourceTitle "Verband Muensterland"]
[SourceDate "2021.10.03"]
[SourceVersion "1"]
[SourceVersionDate "2021.10.03"]
[SourceQuality "1"]
[WhiteTeam "SK Bocholt 1"]
[BlackTeam "SK Münster 4"]

1. d4 d5 2. Nf3 c5 3. e3 e6 4. c4 Nf6 5. Nc3 Nc6 6. a3 cxd4 7. exd4 g6 8. Bg5
Bg7 9. c5 h6 10. Bf4 Ne4 11. Bb5 Bd7 12. O-O O-O 13. h3 Nxd4 14. Nxd4 Nxc3 15.
bxc3 e5 16. c6 bxc6 17. Nxc6 Bxc6 1/2-1/2

[Event "SK Münster 4 - SK Bocholt 1"]
[Site "Regionalliga 2021/2022"]
[Date "2021.11.13"]
[Round "3.2"]
[White "Vogenauer, Nikolas"]
[Black "Liesmann, Karsten"]
[Result "1/2-1/2"]
[WhiteElo "1926"]
[BlackElo "1980"]
[PlyCount "65"]
[EventDate "2021.??.??"]
[SourceTitle "Verband Muensterland"]
[SourceDate "2021.10.03"]
[SourceVersion "1"]
[SourceVersionDate "2021.10.03"]
[SourceQuality "1"]
[WhiteTeam "SK Münster 4"]
[BlackTeam "SK Bocholt 1"]

1. c4 e6 2. g3 d5 3. d4 c5 4. cxd5 exd5 5. Nf3 Nf6 6. Bg2 Nc6 7. O-O Be7 8. Nc3
O-O 9. dxc5 Bxc5 10. a3 a6 11. b4 Be7 12. Bb2 Be6 13. Rc1 Qd7 14. Na4 Rad8 15.
Nc5 Bxc5 16. Rxc5 Ne4 17. Rc1 f6 18. Nd4 Nxd4 19. Bxd4 Rc8 20. Qd3 Rxc1 21.
Rxc1 Rc8 22. Rxc8+ Qxc8 23. Bb2 Qd7 24. Qc2 Qc6 25. Qd3 Qd7 26. h3 Qc6 27. Bd4
h6 28. Be3 Bf7 29. Kh2 Be6 30. Bf3 Qd7 31. Bg2 Qc6 32. Bf3 Qd7 33. Bg2 1/2-1/2

[Event "SK Münster 4 - SK Bocholt 1"]
[Site "Regionalliga 2021/2022"]
[Date "2021.11.13"]
[Round "3.3"]
[White "Naumann, Felix"]
[Black "Spillmann, Peter"]
[Result "1-0"]
[WhiteElo "1908"]
[BlackElo "1881"]
[PlyCount "98"]
[EventDate "2021.??.??"]
[SourceTitle "Verband Muensterland"]
[SourceDate "2021.10.03"]
[SourceVersion "1"]
[SourceVersionDate "2021.10.03"]
[SourceQuality "1"]
[WhiteTeam "SK Bocholt 1"]
[BlackTeam "SK Münster 4"]

1. d4 e6 2. Nf3 f5 3. Bf4 Nf6 4. e3 g6 5. c4 d6 6. Nc3 Bg7 7. Bd3 O-O 8. O-O
Nc6 9. a3 Qe7 10. Bg5 Qf7 11. Rb1 e5 12. d5 Ne7 13. e4 a6 14. b4 Kh8 15. Nd2 f4
16. f3 h6 17. Bxf6 Bxf6 18. c5 Ng8 19. cxd6 cxd6 20. Nc4 Qc7 21. Qb3 Bd8 22.
Rfc1 Nf6 23. a4 g5 24. a5 Qe7 25. h3 h5 26. Kf2 Kg7 27. Na4 b5 28. axb6 g4 29.
hxg4 Nxg4+ 30. Ke2 Qh4 31. fxg4 Bxg4+ 32. Kd2 Qf2+ 33. Kc3 Qd4+ 34. Kc2 Qf2+
35. Nd2 Rc8+ 36. Nc3 Bxb6 37. Rb2 Bd4 38. Kb1 Bxc3 39. Rxc3 Rxc3 40. Qxc3 Qg1+
41. Ka2 Rc8 42. Nc4 Qd1 43. Qb3 Qg1 44. Nxd6 Rc1 45. Bb1 Bd7 46. Rc2 Ba4 47.
Qxa4 Rxb1 48. Qd7+ Kg6 49. Qf5+ Kh6 1-0

[Event "SK Münster 4 - SK Bocholt 1"]
[Site "Regionalliga 2021/2022"]
[Date "2021.11.13"]
[Round "3.4"]
[White "Schulz, Stefan"]
[Black "Kuhlenbaeumer, Willi"]
[Result "0-1"]
[WhiteElo "1856"]
[BlackElo "1924"]
[PlyCount "118"]
[EventDate "2021.??.??"]
[SourceTitle "Verband Muensterland"]
[SourceDate "2021.10.03"]
[SourceVersion "1"]
[SourceVersionDate "2021.10.03"]
[SourceQuality "1"]
[WhiteTeam "SK Münster 4"]
[BlackTeam "SK Bocholt 1"]

1. d4 Nf6 2. Nf3 d6 3. g3 g6 4. Bg2 Bg7 5. O-O O-O 6. c4 Nc6 7. Nc3 e5 8. dxe5
dxe5 9. Qxd8 Rxd8 10. Bg5 Be6 11. b3 h6 12. Bxf6 Bxf6 13. Rad1 Kg7 14. Nd2 Be7
15. Nb5 Rdc8 16. Nc3 f5 17. Bxc6 bxc6 18. Nf3 Kf6 19. e3 Bb4 20. Na4 Rd8 21.
Nb2 Ba3 22. Rxd8 Rxd8 23. Rd1 Rd6 24. Rxd6 cxd6 25. Na4 g5 26. h4 d5 27. hxg5+
hxg5 28. Nd2 Bb4 29. cxd5 cxd5 30. Nb1 d4 31. exd4 exd4 32. Kf1 f4 33. gxf4
gxf4 34. Ke2 Bf5 35. Nd2 d3+ 36. Kd1 Ke5 37. a3 Be7 38. b4 Bd7 39. Nb2 Kd4 40.
Nf3+ Ke4 41. Nd2+ Kd4 42. Nf3+ Kc3 43. Nxd3 Ba4+ 44. Ke2 Bb5 45. Nfe1 Bc4 46.
Kf3 Bxd3 47. Kxf4 Bb1 48. Ke5 Bh4 49. Kd5 Bxf2 50. Nf3 Kb3 51. Nd2+ Ka2 52.
Nxb1 Kxb1 53. a4 Kb2 54. Kc4 Ka3 55. Kb5 Kb3 56. Ka5 Kc4 57. b5 Kb3 58. b6
Bxb6+ 59. Kb5 Bf2 0-1

[Event "SK Münster 4 - SK Bocholt 1"]
[Site "Regionalliga 2021/2022"]
[Date "2021.11.13"]
[Round "3.5"]
[White "Sell, Markus"]
[Black "Voss, Andreas"]
[Result "1-0"]
[WhiteElo "1807"]
[BlackElo "1839"]
[PlyCount "119"]
[EventDate "2021.??.??"]
[SourceTitle "Verband Muensterland"]
[SourceDate "2021.10.03"]
[SourceVersion "1"]
[SourceVersionDate "2021.10.03"]
[SourceQuality "1"]
[WhiteTeam "SK Bocholt 1"]
[BlackTeam "SK Münster 4"]

1. d4 f5 2. Nf3 Nf6 3. g3 e6 4. Bg2 d5 5. c4 c6 6. O-O Bd6 7. b3 Qe7 8. Bb2 O-O
9. e3 Nbd7 10. Nbd2 a5 11. Qc2 Ne4 12. Ne5 Nxd2 13. Qxd2 a4 14. Nxd7 Bxd7 15.
c5 Bc7 16. b4 g5 17. f4 h5 18. Qf2 Qg7 19. Kh1 Kf7 20. h4 gxh4 21. gxh4 Bd8 22.
Bf3 Bf6 23. Rg1 Qh7 24. Rg2 Be8 25. a3 Ke7 26. Bc3 Kd7 27. Kh2 Qe7 28. Kh3 Kc7
29. Rb1 b5 30. cxb6+ Kb7 31. Be2 Qd8 32. Be1 Be7 33. Rg7 Rf7 34. Qg2 Rxg7 35.
Qxg7 Kxb6 36. Qh6 Bf6 37. Bf2 Qe7 38. Rg1 Bf7 39. Rg7 Bxg7 40. Qxg7 Rg8 41. Qh6
Qf8 42. Qf6 Qg7 43. Qg5 Qxg5 44. hxg5 h4 45. Bxh4 Rh8 46. Kg3 Bh5 47. Bd3 Bd1
48. Bf1 Bb3 49. Be2 Bc4 50. Bd1 Kb5 51. g6 Rg8 52. Bh5 Bd3 53. Be7 Kc4 54. Kh4
e5 55. dxe5 d4 56. exd4 Kxd4 57. Kg5 Ke4 58. Bd1 Rh8 59. Bxa4 Rg8 60. Bxc6+ 1-0

[Event "SK Münster 4 - SK Bocholt 1"]
[Site "Regionalliga 2021/2022"]
[Date "2021.11.13"]
[Round "3.6"]
[White "Schoepper, Oliver"]
[Black "Hunhoff, Andreas"]
[Result "1/2-1/2"]
[WhiteElo "1788"]
[BlackElo "1783"]
[PlyCount "42"]
[EventDate "2021.??.??"]
[SourceTitle "Verband Muensterland"]
[SourceDate "2021.10.03"]
[SourceVersion "1"]
[SourceVersionDate "2021.10.03"]
[SourceQuality "1"]
[WhiteTeam "SK Münster 4"]
[BlackTeam "SK Bocholt 1"]

1. d4 f5 2. c4 e6 3. g3 Nf6 4. Bg2 Be7 5. Nf3 O-O 6. O-O d6 7. Qc2 Nc6 8. Nc3
Qe8 9. a3 Qg6 10. b4 Rb8 11. Bb2 Bd7 12. c5 Nd8 13. Rad1 Kh8 14. a4 Nc6 15.
cxd6 cxd6 16. b5 Nb4 17. Qb3 Nfd5 18. e3 Nxc3 19. Bxc3 Nd5 20. Bb2 Rfc8 21. Rc1
Qe8 1/2-1/2

[Event "SK Münster 4 - SK Bocholt 1"]
[Site "Regionalliga 2021/2022"]
[Date "2021.11.13"]
[Round "3.7"]
[White "Buessing, Olaf"]
[Black "Spangenberg, Victor"]
[Result "0-1"]
[WhiteElo "1767"]
[BlackElo "1735"]
[PlyCount "116"]
[EventDate "2021.??.??"]
[SourceTitle "Verband Muensterland"]
[SourceDate "2021.10.03"]
[SourceVersion "1"]
[SourceVersionDate "2021.10.03"]
[SourceQuality "1"]
[WhiteTeam "SK Bocholt 1"]
[BlackTeam "SK Münster 4"]

1. e4 e5 2. f4 exf4 3. Nf3 Nf6 4. Nc3 d5 5. exd5 Nxd5 6. Bc4 Nxc3 7. dxc3 Qxd1+
8. Kxd1 Bd6 9. Re1+ Kf8 10. Ne5 Bxe5 11. Rxe5 Nc6 12. Rc5 Bg4+ 13. Ke1 Re8+ 14.
Kf2 Re5 15. Rxe5 Nxe5 16. Bd3 g5 17. Bd2 f6 18. Re1 Kf7 19. Be4 c6 20. b3 Rd8
21. Bc1 h6 22. g3 fxg3+ 23. Kxg3 Ke6 24. c4 Rd1 25. Rxd1 Bxd1 26. Bb2 f5 27.
Bd3 Nxd3 28. cxd3 Bc2 29. Bd4 a6 30. Bg7 h5 31. d4 Bb1 32. a3 Ba2 33. h4 gxh4+
34. Kxh4 Bxb3 35. c5 Bd1 36. Kg5 a5 37. Be5 a4 38. Bf4 Bg4 39. Be3 Kd5 40. Kf4
h4 41. Bg1 Kc4 42. Be3 Kd3 43. Bg1 Ke2 44. Ke5 Kf1 45. Bh2 Kg2 46. Bf4 h3 47.
Kd6 h2 48. Bxh2 Kxh2 49. Kc7 Bf3 50. Kxb7 Bd5 51. Kb6 f4 52. Ka5 f3 53. Kxa4 f2
54. Ka5 f1=Q 55. a4 Qb1 56. Ka6 Be6 57. a5 Bc8+ 58. Ka7 Qb7# 0-1

[Event "SK Münster 4 - SK Bocholt 1"]
[Site "Regionalliga 2021/2022"]
[Date "2021.11.13"]
[Round "3.8"]
[White "Baumann, Eva"]
[Black "Burike, Christian"]
[Result "1/2-1/2"]
[WhiteElo "1674"]
[BlackElo "1752"]
[PlyCount "59"]
[EventDate "2021.??.??"]
[SourceTitle "Verband Muensterland"]
[SourceDate "2021.10.03"]
[SourceVersion "1"]
[SourceVersionDate "2021.10.03"]
[SourceQuality "1"]
[WhiteTeam "SK Münster 4"]
[BlackTeam "SK Bocholt 1"]

1. e4 e6 2. d4 d5 3. Nc3 Bb4 4. exd5 exd5 5. Nf3 Ne7 6. Bf4 c6 7. Bd3 Bd6 8.
Bxd6 Qxd6 9. h3 Na6 10. a3 Nc7 11. Ne2 Bf5 12. O-O O-O 13. Ng3 Bxd3 14. Qxd3 g6
15. Rfe1 Ne6 16. Ne5 Rae8 17. c3 f6 18. Nf3 Kg7 19. Rad1 Ng8 20. Qc2 b5 21. a4
a6 22. Ra1 Ra8 23. axb5 axb5 24. b4 Kf7 25. Ra2 Rfb8 26. Rea1 Qd8 27. Qb2 Ne7
28. Ra6 Qc8 29. R6a5 Nc7 30. Qd2 1/2-1/2